000 00432nam a2200145Ia 4500
008 230917s9999||||xx |||||||||||||| ||und||
040 _e46164
_aMAIN
041 _aEnglish
082 _a822.33 S15H:D
100 _aHunter, GK
245 0 _aDramatic identities and cultural tradition: studies in Shakespeare and his contemporaries
260 _aLiverpool
_bLiverpool University Press
_c1978
300 _axiv, 361 p.
942 _cBK
999 _c207134
_d207134